A Chemist´s Guide to density functional theory
Na minha lista:
| Autor principal: | |
|---|---|
| Outros Autores: | |
| Formato: | Livro |
| Idioma: | inglês |
| Publicado em: |
Weinheim
Wiley-VCH
2001
|
| Edição: | 2nd edition |
| Acesso em linha: | View in OPAC |
| Tags: |
Sem tags, seja o primeiro a adicionar uma tag!
|
MARC
| LEADER | 00000nam a2200000 a 4500 | ||
|---|---|---|---|
| 005 | 20260127134313.0 | ||
| 008 | 051214 2001 gw 000 0 eng d | ||
| 020 | |a 3527303723 | ||
| 035 | |a vtls008418494 | ||
| 039 | 9 | |a 200512141007 |b mschk03 |y 200512141003 |z mschk03 | |
| 040 | |a STUSCHK1 |b slo |c STUSCHK1 |e AACR2 | ||
| 080 | |a 530.145 | ||
| 100 | 1 | |a Koch, Wolfram | |
| 245 | 1 | |a A Chemist´s Guide to density functional theory | |
| 250 | |a 2nd edition | ||
| 260 | |a Weinheim |b Wiley-VCH |c 2001 | ||
| 300 | |a 300 s. | ||
| 700 | |a Holthausen, Max C. | ||
| 910 | |a SCHK95 | ||
| 919 | |a 3-527-30372-3 | ||
| 999 | |c 9291 |d 9291 | ||